000 00569nam a2200241Ia 4500
003 OSt
005 20221007111623.0
006 a|||||r|||| 00| 0
007 ta
008 221006b |||||||| |||| 00| 0 eng d
024 _a23,933
037 _cTextual
040 _aLCO
_cLCO
_beng
041 _2eng
_aeng
082 _aV2:2:(Z), M4
100 _aGovt. of India
245 0 _aConstitution of India
260 _c1984
300 _a378
650 _aCONSTITUTION
942 _hV2:2:(Z), M4
_cTEXL
999 _c1193496
_d1193496